Αμπντούλ Μπασούρ : ο ονειρευτής των καραβιών

Αποθηκεύτηκε σε:
Λεπτομέρειες βιβλιογραφικής εγγραφής
Κύριος συγγραφέας: Mutis, Alvaro
Μορφή: Βιβλίο
Γλώσσα:Greek
Spanish
Δημοσίευση: Αθήνα : Άγρα, c1999
Θέματα:
Ετικέτες: Προσθήκη ετικέτας
Δεν υπάρχουν, Καταχωρήστε ετικέτα πρώτοι!

MARC

LEADER 00000cam a2200000 i 4500
001 1/10349
008 100930s1999 gre d
020 |a 960-325-296-4 
035 |l 10108982 
040 |a GR-MY-UA  |b gre  |e aacr 
041 1 |a gre  |h spa 
082 0 |a 863  |2 (22) 
100 1 |a Mutis, Alvaro. 
245 1 0 |a Αμπντούλ Μπασούρ :  |b ο ονειρευτής των καραβιών /  |c Alvaro Mutis ; μετάφραση από τα ισπανικά: Μανώλης Παπαδολαμπάκης 
260 |a Αθήνα :   |b Άγρα,   |c c1999 
300 |a 232 σ.;  |c 17 εκ. 
500 |a Τίτλος πρωτοτύπου: Abdul Bashur, sonador de navios 
650 0 0 |a Spanish fiction  |y 20th century. 
852 |a INST  |b SYROS  |e 20100930  |h 863 MUT  |p 005500009592  |q 005500009592  |t BK  |y 0 
901 |a BIBL5-2010-3 
909 |a Ε  |b 160465 
970 |a ΚΟΝΤΟΥ  |b ΠΑΡΑΣΚΕΥΗ  |z 2010/09/30